| 000 | 01159nam0a22003011 4500 | ||
|---|---|---|---|
| 001 | rc\3525068 | ||
| 005 | 20181010144236.0 | ||
| 021 |
_aRU _b[72-46065] |
||
| 035 | _a(NLR Aleph) 007662878 | ||
| 090 |
_a6350846 _c6350846 |
||
| 100 | _a20130115d1972 |||y0rusy50 ca | ||
| 101 | 0 | _arus | |
| 102 | _aRU | ||
| 105 | _aa z ||||| | ||
| 200 | 1 | _aХлебопекарная промышленность Грузинской ССР | |
| 210 |
_aТбилиси _cСабчота Сакартвело _d1972 |
||
| 215 |
_a119 с. _cчерт. _d22 |
||
| 320 | _aСписок лит.: с. 117-118 | ||
| 532 | 1 | 2 | _aХлебопекарная промышленность Грузинской Советской Социалистической Республики |
| 606 |
_aХлебопекарная промышленность _yГССР _2psbo |
||
| 700 | 1 |
_aВалейко _bВ. П. _cканд. экон. наук _f1937- _gВладимир Павлович _3RU\NLR\AUTH\770195556 |
|
| 701 | 1 |
_aЦицишвили _bД. Ш. |
|
| 801 | 0 |
_aRU _bNLR _gpsbo |
|
| 801 | 1 |
_aRU _bELAR _2rusmarc |
|
| 852 |
_aNLR _j72-5/1343 |
||
| 942 | _cBOOK | ||
| 980 | _aNB | ||